000 00578nam a2200205 a 4500
008
049 _aMAIN
090 _aQD 476 WIB.
100 1 _aWiberg, Kenneth B.
245 1 0 _aPhysical organic chemistry /
_cKenneth B. Wiberg.
260 _aNew York :
_bJohn Wiley,
_c1964.
300 _aviii, 591 p. :
_bill. ;
_c24 cm.
500 _aIncludes index.
650 0 _aChemistry, Physical organic.
907 _a.b10247671
_b12-07-07
_c02-07-07
003
005 20230123134457.0
040 _cNUST
942 _cBOOKS
_kQD 476 WIB.
999 _c166606
_d166606